Normal view
MARC view
Entry Personal Name
001 - CONTROL NUMBER
- control field: 2633
003 - CONTROL NUMBER IDENTIFIER
- control field: BD-RjUL
005 - DATE AND TIME OF LATEST TRANSACTION
- control field: 20220421112243.0
008 - FIXED-LENGTH DATA ELEMENTS
- fixed length control field: 220421|| aca||aabn | a|a d
040 ## - CATALOGING SOURCE
- Original cataloging agency: BD-RjUL
- Transcribing agency: BD-RjUL
100 ## - HEADING--PERSONAL NAME
- Personal name: রহমান, মোো. মাহফুজুর রহমান, সুপারভাইজার
670 ## - SOURCE DATA FOUND
- Source citation: Work cat.: (BD-RjUL)79742: আজাদ, মুহাম্মদ আবুল কালাম 2631, আলিয়া মাদ্রাসা শিক্ষার বিকাশ ও আধুনিকায়ন :, ২০০৯